| 000 | 00471nam a2200157 i 4500 | ||
|---|---|---|---|
| 001 | 93107 | ||
| 003 | ES-MaACL | ||
| 005 | 20230906181128.0 | ||
| 007 | t| | ||
| 008 | 050407s1942 sp ||||1| spa d | ||
| 100 | 1 |
_aLojendio, Luis María de. _973151 |
|
| 245 | 1 | 0 |
_aGonzalo de Córdoba (El Gran Capitán) / _cpor Luis María Lojendio. |
| 260 |
_aMadrid : _bEspasa-Calpe, _c1942. |
||
| 300 |
_a378 p., 3 lám. : _b4 map. ; _c23 cm. |
||
| 852 |
_aES-MaACL _jC-5462 _bR.25668 |
||
| 999 |
_c93107 _d93107 |
||